Scottish common sense in Germany, 1768-1800 (Record no. 83687)
[ view plain ]
| 000 -LEADER | |
|---|---|
| fixed length control field | 01485nam a2200325Ia 4500 |
| 100 1# - MAIN ENTRY--AUTHOR NAME | |
| Personal name | Kuehn, Manfred. |
| 245 10 - TITLE STATEMENT | |
| Title | Scottish common sense in Germany, 1768-1800 |
| 260 ## - PUBLICATION, DISTRIBUTION, ETC. (IMPRINT) | |
| Place of publication | Kingston [Ont.] : |
| Name of publisher | McGill-Queen's University Press, |
| Year of publication | c1987. |
| 300 ## - PHYSICAL DESCRIPTION | |
| Number of Pages | xiv, 300 p. |
| 490 1# - SERIES STATEMENT | |
| Series statement | McGill-Queen's studies in the history of ideas, |
| 500 ## - GENERAL NOTE | |
| General note | Based on the author's doctoral dissertation, McGill University, 1980. |
| 650 #0 - SUBJECT ADDED ENTRY--TOPICAL TERM | |
| Topical Term | Philosophy, German |
| Topical Term | Philosophy, Scottish |
| 856 40 - ELECTRONIC LOCATION AND ACCESS | |
| Uniform Resource Identifier | http://site.ebrary.com/lib/rucke/Doc?id=10141530 |
No items available.
